00629nam a2200193Ia 450000500170000000800410001704100120005808200150007010000190008524500320010425000090013626000210014550000140016665000480018070000210022894200080024995201590025799900190041620240913125823.0240913s9999||||xx |||||||||||||| ||und|| aENGLISH A616.075 Q8 aGlynn, Michael 0aHutchisons Clinical Methods a24th c2018bElsaJapan aREFERENCE aPerfusion TechnologybAllied Health Science a Drake, Wiliam M cREF 00104070aNICHELIBbNICHELIBcAnatomyd2017-10-28eVrindha Book Distributors, Pathanamthittal0o616.075 Q8p76265r2024-09-13 12:58:23w2024-09-13yREF c246336d246336